Statistics for A-Z Of Basketball Terms

Click here to take the quiz!

General Stats

  • This quiz has been taken 184 times
  • The average score is 10 of 24

Answer Stats

LetterHintAnswer% Correct
AAn unblocked shot that fails to hit the rim or backboardAir ball
91%
HThe end of the first halfHalf time
78%
CAn offensive foul when the ball carrier rushes into a non-moving defenderCharge
77%
PThrow the ball to a team-matePass
73%
BA shot that hits the rim and bounces offBrick
71%
NThe largest men's proffesional basketball league in the USANBA
70%
TTo move one's pivot foot illegallyTravel
70%
J An overhead shot taken whilst jumpingJump shot
65%
LA close range shot using one hand to bank the ball off the backboardLayup
64%
FA shot made from anywhere on the court,does not include free throwsField goal
52%
VAn infraction of the rules other than a foulViolation
46%
QDouble-digit figures in four positive statistical categoriesQuadruple-Double
40%
RTo have one's shot blockedRejected
40%
KThe free throw lane and the free throw circle togetherKey
31%
EThe court area where the free throw line meets the 3 second laneElbow
30%
ZA Defence in which each player is responsible for an area of the courtZone defence
30%
UA travelling violation when the ball carrier jumps vertically into the air and does not get rid of it before landingUp and down
29%
DAn assistDish
27%
OA pass thrown by a rebounder to start a fast breakOutlet pass
26%
WWhen the basketball gets stuck between the rim and the backboardWedgie
21%
S A Shot taken without leaving the floorSet shot
11%
GSomeone who shoots the ball too many timesGunner
3%
MA Travelling violationMoving violation
3%
ITo be in the back of the court ready to block a shotI got back
0%

Score Distribution

Percentile by Number Answered

Percent of People with Each Score

Your Score History

You have not taken this quiz